00686nam a22001937a 4500003000900000008004100009040007100050082002600121100002600147245003300173260003000206300002700236440002500263505011500288650002900403650001300432650002200445650002500467AR-CdUCM190507b ||||| |||| 00| 0 spa d aMUNICIPALIDAD PROVINCIAL DEL CUSCOcBIBLIOTECA MUNICIPAL DEL CUSCO a801.08 /bA292Quinta aDe Agramonte, Alberto aLas más bellas poesías / aChile :bZig zag ;c1943. a475 páginas,c20 cm. aColeccione poesías aContenido : Romancero español -- El prisionero -- La fe del ciego -- Romance de un galán de esta villa... aSelección de poesías aPoesía aPoesía lírica aPoesía dramática